Catalog

Record Details

Catalog Search



More than a carpenter God's incomparable word  Cover Image Book Book

More than a carpenter God's incomparable word / Josh McDowell ; by Harold Lindsell

McDowell, Josh (Author). Lindsell, Harold (Added Author).

Record details

  • ISBN: 0-8423-4550-7
  • ISBN: 0-89066-006-9
  • Physical Description: 74 + 117 p.
  • Publisher: Minneapolis, Minnesota World Wide Publications 1977

Available copies

  • 1 of 1 copy available at Common Catalog SPOK.

Holds

  • 0 current holds with 1 total copy.
Show Only Available Copies
Location Call Number / Copy Notes Barcode Shelving Location Status Due Date
ETS Library 239 424470001206 Volný výběr Available -

LDR 00731nam a2 00241
00133318
003CZ-PrJAB
00520030307000000.0
008030307s1977 xxu e |||| |eng
009us
020 . ‡a0-8423-4550-7 ‡a0-89066-006-9
035 . ‡a(CONS)5957
035 . ‡aKPS344
041 . ‡aeng
08214. ‡a239
100 . ‡7386 ‡aMcDowell, Josh
245 . ‡aMore than a carpenter ‡aGod's incomparable word / ‡cJosh McDowell ; by Harold Lindsell
260 . ‡aMinneapolis, Minnesota ‡bWorld Wide Publications ‡c1977
300 . ‡a74 + 117 p.
653 . ‡aMore than a carpenter ‡aGod's incomparable word
700 . ‡7780 ‡aLindsell, Harold
8524 . ‡bETS ‡bETS ‡cVolný výběr ‡j239 ‡gA ‡p424470001206
910 . ‡aABG450
999 . ‡a5957 ‡bAUTOGEN ‡c5957 ‡tbiblio
905 . ‡uadmin
901 . ‡a33318 ‡b ‡c33318 ‡tbiblio ‡sets

Additional Resources